| 000 | 00855nam a22003137a 4500 | ||
|---|---|---|---|
| 001 | BR2023001954 | ||
| 003 | BR-BrBNA | ||
| 005 | 20231015160317.0 | ||
| 008 | 231015b bl.||||| |||| 00| 0 por d | ||
| 040 |
_aBR-BrBNA _bpor |
||
| 041 | _apor | ||
| 072 |
_aL02 ; Q52 ; Q54 _b8954 |
||
| 090 | _a8954 BR2023001954 | ||
| 100 | _aCaputi, Bruno (ed.) | ||
| 110 | 1 |
_99546 _aSindicato Nacional da Indústria de Alimentação Animal, São Paulo, SP (Brasil) |
|
| 245 | _aCompêndio brasileiro de alimentação animal 2013 | ||
| 260 |
_aSão Paulo, SP (Brasil) _c2013 |
||
| 300 | _a764 p. | ||
| 650 | _aRAÇÃO | ||
| 650 | _aALIMENTAÇÃO ANIMAL | ||
| 650 | _aMATÉRIA PRIMA | ||
| 650 | _aADITIVO | ||
| 650 | _aPERFORMACE | ||
| 650 | _aMÉTODO | ||
| 650 | _aQUALIDADE | ||
| 650 | _aLEGISLAÇÃO | ||
| 909 |
_a202310 _bFernando |
||
| 942 | _cBK | ||
| 999 |
_c86481 _d86481 |
||